|
|
|
|
| LEADER |
00000nbm0a2200000 4500 |
| 001 |
156294 |
| 005 |
20231031153019.0 |
| 029 |
0 |
0 |
|a SU
|b 01825012890
|f ТПУ
|
| 035 |
|
|
|a (RuTPU)RU\TPU\book\169532
|
| 090 |
|
|
|a 156294
|
| 100 |
|
|
|a 20090325d1983 k y0rusy50 ca
|
| 101 |
0 |
|
|a rus
|
| 102 |
|
|
|a RU
|
| 105 |
|
|
|a a p 001zy
|
| 200 |
1 |
|
|a Разработка метода сравнительной комплексной оценки санитарно-гигиенических условий труда
|e Промежуточный отчет о НИР
|e Тема: х/д 9-21/79
|f Томский политехнический институт (ТПИ) ; руководитель В. А. Марасанов ; Н. В. Елгазина
|
| 210 |
|
|
|a Томск
|d 1983
|
| 215 |
|
|
|a 34 л.
|
| 320 |
|
|
|a Библиогр.: с. 34.
|
| 610 |
1 |
|
|a отчеты о НИР
|
| 610 |
1 |
|
|a санитария
|
| 610 |
1 |
|
|a гигиена
|
| 610 |
1 |
|
|a условия труда
|
| 610 |
1 |
|
|a методы оценки
|
| 610 |
1 |
|
|a травматизм
|
| 610 |
1 |
|
|a заболеваемость
|
| 675 |
|
|
|a 658.382(04)
|v 3
|
| 702 |
|
1 |
|a Марасанов
|b В. А.
|4 673
|
| 702 |
|
1 |
|a Елгазина
|b Н. В.
|4 677
|
| 712 |
0 |
2 |
|a Томский политехнический институт (ТПИ)
|c (1944-1991)
|2 stltpush
|3 (RuTPU)RU\TPU\col\1123
|4 595
|
| 801 |
|
1 |
|a RU
|b 63413507
|c 20090325
|g PSBO
|
| 942 |
|
|
|c BK
|